| 000 | 01278nam a2200373 c 4500 | ||
|---|---|---|---|
| 999 |
_c51019 _d51019 |
||
| 001 | 51019 | ||
| 003 | ES-MaCES | ||
| 005 | 20181113140647.0 | ||
| 008 | 1811072018 sp 000 ||spa d | ||
| 017 |
_aM 17214-2018 _bDL |
||
| 020 | _a9788491234937 | ||
| 040 |
_aES-MaCES _bspa _cES-MaCES |
||
| 100 | 1 |
_939350 _aMartínez Gutiérrez, Ángel |
|
| 245 | 1 | 0 |
_aDenominaciones de origen e indicaciones geográficas en la Unión Europea _b: cinco lustros de luces y sombras _cÁngel Martínez Gutiérrez ; pr. de Manuel Parras Rosa |
| 260 |
_aMadrid [etc.] _bMarcial Pons _c2018 |
||
| 300 |
_a217 p. _c24 cm |
||
| 490 | 1 | _aMarcial Pons derecho | |
| 504 | _aBibliografía: p. 205-209 | ||
| 541 | _cCompra | ||
| 650 | 7 |
_adenominación de origen _931631 |
|
| 650 | 7 |
_acontrol de calidad _928253 |
|
| 650 | 7 |
_aproducto alimentario _927682 |
|
| 650 | 7 |
_adistribución geográfica _928777 |
|
| 650 | 7 |
_amecanismo de control _929918 |
|
| 650 | 7 |
_aprotección del consumidor _929407 |
|
| 650 | 7 |
_aderecho comunitario _929866 |
|
| 650 | 7 |
_aUE _926752 |
|
| 650 | 7 |
_arégimen jurídico _929894 |
|
| 653 | 1 | 0 | _aDerecho comunitario |
| 700 | 1 |
_920414 _aParras Rosa, Manuel _epr. |
|
| 830 | 0 |
_aMarcial Pons derecho _933650 |
|
| 902 | _aLIB Libro | ||
| 942 |
_2CES _cBK _h6.0.5. |
||